UBT Library

YEAR BOOK EVENTS OF 1994 (Record no. 20194)

000 -LEADER
fixed length control field 00264nam a22001217a 4500
008 - FIXED-LENGTH DATA ELEMENTS--GENERAL INFORMATION
fixed length control field 170711b xxu||||| |||| 00| 0 eng d
041 ## - LANGUAGE CODE
Language code of text/sound track or separate title eng
080 ## - UNIVERSAL DECIMAL CLASSIFICATION NUMBER
Universal Decimal Classification number 94
100 ## - Rafti
Rafti 16
101 ## - Shkurtesa
Shkurtesa SHH
245 ## - TITLE STATEMENT
Title YEAR BOOK EVENTS OF 1994
Statement of responsibility, etc LORIMER,L.T
942 ## - ADDED ENTRY ELEMENTS (KOHA)
Source of classification or shelving scheme
Item type Books
Holdings
Withdrawn status Lost status Source of classification or shelving scheme Damaged status Not for loan Collection code Permanent location Current location Shelving location Date acquired Total Checkouts Full call number Barcode Date last seen Price effective from Koha item type
          Koleksioni i përgjithshem UBT - Lipjan UBT - Lipjan Koleksioni i përgjithshem 07/11/2017   05 LOR 002-2912734 07/11/2017 07/11/2017 Books
          Koleksioni i përgjithshem UBT - Lipjan UBT - Lipjan Koleksioni i përgjithshem 07/11/2017   05 LOR 002-2912739 07/11/2017 07/11/2017 Books
          Koleksioni i përgjithshem UBT - Lipjan UBT - Lipjan Koleksioni i përgjithshem 07/11/2017   05 LOR 002-2912744 07/11/2017 07/11/2017 Books
          Koleksioni i përgjithshem UBT - Lipjan UBT - Lipjan Koleksioni i përgjithshem 07/11/2017   05 LOR 002-2912749 07/11/2017 07/11/2017 Books
          Koleksioni i përgjithshem UBT - Lipjan UBT - Lipjan Koleksioni i përgjithshem 07/11/2017   05 LOR 002-2912754 07/11/2017 07/11/2017 Books
          Koleksioni i përgjithshem UBT - Lipjan UBT - Lipjan Koleksioni i përgjithshem 07/11/2017   05 LOR 002-2912759 07/11/2017 07/11/2017 Books
UBT Library © 2015-2024. All rights reserved University Education for Business and Technology